000 00556nam a2200181Ia 4500
008 090123s9999 xx 000 0 und d
082 _b752
_a891.463/काळे
100 _aकाळे वसंत पुरूषोत्तम
245 _aवलय
250 _a1
260 _bनेवाळकर ग.बा.
300 _a186
600 _aकाळे वसंत पुरूषोत्तम
630 _aवलय
700 _aकाळे वसंत पुरूषोत्तम
730 _aवलय
942 _cBOOK
999 _c38839
_d38839